Poor numbers : how we are misled by African development statistics and what to do about it (Record no. 166524)

MARC details
000 -LEADER
fixed length control field 00346nam a2200097Ia 4500
082 ## - DEWEY DECIMAL CLASSIFICATION NUMBER
Classification number 338.96|JERV
008 - FIXED-LENGTH DATA ELEMENTS--GENERAL INFORMATION
fixed length control field 210817s9999 xx 000 0 und d
100 ## - MAIN ENTRY--PERSONAL NAME
Personal name Jerven, Morten, , 1978- Claremont, South Africa, 2013
9 (RLIN) 52210
245 #0 - TITLE STATEMENT
Title Poor numbers : how we are misled by African development statistics and what to do about it
942 ## - ADDED ENTRY ELEMENTS
item type Books
Holdings
Withdrawn status Lost status Damaged status Not for loan Home library Current library Date acquired Cost, normal purchase price Total Checkouts Barcode Date last seen Price effective from item type
        Emthonjeni PL (MMID-PLEMA-EMTH) Emthonjeni PL (MMID-PLEMA-EMTH) 18.08.2021 360.00   3322810039937 18.08.2021 18.08.2021 Books